| Tag |
First Indicator |
Second Indicator |
Subfields |
| LEADER |
00000cam a2200000 a 4500 |
| 001 |
in00001252002 |
| 005 |
20151003082015.0 |
| 008 |
940314c19931992enkab b 001 0 eng |
| 010 |
|
|
|a 94129961
|
| 015 |
|
|
|a GB94-6144
|
| 019 |
|
|
|a 29798122
|
| 020 |
|
|
|a 0571168094 :
|c £6.99
|
| 035 |
|
|
|a (OCoLC)31242701
|
| 035 |
|
|
|9 AGU5392AM
|
| 040 |
|
|
|a DLC
|c DLC
|d UKM
|d UtOrBLW
|
| 043 |
|
|
|a e-uk-ni
|
| 049 |
|
|
|a TXAM
|
| 050 |
0 |
0 |
|a DA990.U46
|b U73 1992
|
| 082 |
0 |
4 |
|a 322.4209416
|2 20
|
| 090 |
|
|
|a DA990.U46
|b U73 1993
|
| 100 |
1 |
|
|a Urban, Mark,
|d 1961-
|
| 245 |
1 |
0 |
|a Big boys' rules :
|b the secret struggle against the IRA /
|c Mark Urban.
|
| 264 |
|
1 |
|a London ;
|a Boston :
|b Faber and Faber,
|c 1993
|
| 264 |
|
4 |
|c ©1992
|
| 300 |
|
|
|a xxi, 266 pages :
|b illustrations, map ;
|c 20 cm.
|
| 336 |
|
|
|a text
|b txt
|2 rdacontent
|
| 337 |
|
|
|a unmediated
|b n
|2 rdamedia
|
| 338 |
|
|
|a volume
|b nc
|2 rdacarrier
|
| 504 |
|
|
|a Includes bibliographical references and index.
|
| 651 |
|
0 |
|a Northern Ireland
|x History, Military
|y 1969-
|
| 610 |
1 |
0 |
|a Great Britain.
|b Army.
|b Special Air Service
|x History.
|
| 650 |
|
0 |
|a Special forces (Military science)
|z Northern Ireland
|x History.
|
| 650 |
|
0 |
|a Terrorism
|z Northern Ireland
|x History.
|
| 650 |
|
0 |
|a Violence
|z Northern Ireland
|x History.
|
| 610 |
2 |
0 |
|a Irish Republican Army
|x History.
|
| 610 |
2 |
4 |
|a Provisional IRA.
|
| 653 |
0 |
|
|a Terrorism
|a Control
|
| 653 |
0 |
|
|a Northern Ireland
|
| 999 |
|
|
|a MARS
|
| 999 |
f |
f |
|s 5eb2dcb2-a9af-3775-ad6b-a460fbcd9eb5
|i c8d7f757-d6de-3539-91f1-c165474a4ace
|t 0
|
| 952 |
f |
f |
|p normal
|a Texas A&M University
|b College Station
|c Sterling C. Evans Library
|d Evans: Library Stacks
|t 0
|e DA990.U46 U73 1993
|h Library of Congress classification
|i unmediated -- volume
|m A14819920303
|
| 998 |
f |
f |
|a DA990.U46 U73 1993
|t 0
|l Evans: Library Stacks
|